000 01329nam a2200241Ia 4500
003 Ost
005 20260416102350.0
008 260416s9999||||xx |||||||||||||| ||und||
040 _cfsecg
041 _aara
082 _a332.642
100 _aدريسي، أسماء
_eمؤلف
245 0 _aالأسواق المالية وتسيير المحافظ /
_c أسماء دريسي
260 _aالجزائر
_bجامعة الجزائر3: كلية العلوم الإقتصادية، العلوم التجارية وعلوم التسيير
_c2015
300 _a98 ورقة
_bايضاحات
_c30 سم
504 _aببليوغرافيا: ص.97
520 _aالاطار النظري لسوق المال، الاطار الصلاحي لسوق المال، آلية الرفع من رأس مال الشركات، نماذج تسيير محفظة الأوراق المالية، السندات ، مؤشرات سوق المال،الاسواق المالية الناشئة، الأزمات المالية في ظل الرأسمالية
653 _aالاوراق المالية
653 _aالبورصات
653 _aالسندات
710 _aجامعة الجزائر3: كلية العلوم الإقتصادية، العلوم التجارية وعلوم التسيير
_eناشر علمي
942 _cHANDOUT
999 _c40981
_d40981